00557 2200205 4500001002100000005001700021035002400038040001200062082001100074084001900085100002300104245004800127260003500175300003800210651004000248850001200288990001700300990001700317990001700334YOGYA00000000009759620170510124447.0 0010-081400000097313 aYOPDYOG a321.09 aYOG 321.09 Bas aBASKARA T. Wardaya aMembongkar Supersemar!c/ Baskara T.Wardaya aYogyakartabGalang Pressc2009 a360 hlm.b: ilus.c; 23 cm.e+ CD aIndonesiaxPolitik dan pemerintahan aYOPDYOG a2116-PD/B.13 a2117-PD/B.13 a2118-PD/B.13